000
00229 a2200097 4500
001
45917
100
_a
Fitzgerald B
245
_a
The nature lover's recognition book
260
_a
London
_b
Odhams press
_c
090
_c
29028
_d
29028
942
_a
NUST-CAE
_c
M
_c
21145
999
_c
280990
_d
280990